000 00386nam a2200157 i 4500
001 bg
100 1 _aTSE, Francis S.
245 0 _aMechanical Vibrations /
_cF.S.Tse, J.E. Morse, R.T. Hinkle.
260 _aBoston,
_c1978.
700 1 _aMORSE, Ivan E.
700 1 _aHINKLE, Rolland T.
040 _cBPK
041 _apol
942 _cKS
008 s pl f |000 0 pol
999 _c22638
_d22638
856 _uhttp://koha.tu.koszalin.pl/cgi-bin/koha/opac-detail.pl?biblionumber=22638
_yKatalog online BPK